000 00594nam a22002057a 4500
999 _c83916
_d83916
005 20230703164719.0
010 _aENG-109842 ENG-137249
020 _a9789351480051
_c1440.00
020 _a9351480054
_c1440.00
035 _aEN-93375 EN-120781
037 _bDBAD/PUB
082 _a280.66
100 _aRichter ,Julius.
245 0 0 _aA history of mission in India /
_cby Julius Richter,D.D.
260 _aNew Delhi
_bChristian World Imprints
_c2014
270 _aH-12, Bali Nagar
_bNew Delhi
_e110015
300 _avii;472p.
_c23cm(Hb)
500 _aIncludes index
942 _2ddc
_cEN
_mRIC